Представление документа в формате MARC21

Поле Инд. ПП Название Значение
Тип записи a
Библиографический уровень a
001 Контрольный номер RU/IS/BASE/262109640
005 Дата корректировки 20240621113358.4
084 a Индекс другой классификации/Индекс ББК 60.03; 87.21; 86.210.0; 60.0
090 00 a Полочн. индекс 87.3(2)521-564я43
x Авторский знак Ч-12
100 10 a Автор Волгин И. Л.
q Полное имя Волгин Игорь Леонидович
245 00 a Заглавие Человек, не имевший страстей
600 14 a Персоналии Чаадаев Петр Яковлевич
650 04 a Основная рубрика социальная философия
a Основная рубрика философия
a Основная рубрика философия истории
a Основная рубрика философские науки
653 00 a Ключевые слова XIX век
a Ключевые слова аскетизм
a Ключевые слова духовная культура
a Ключевые слова духовность
a Ключевые слова идейное наследие
a Ключевые слова история философии
a Ключевые слова католицизм
a Ключевые слова мировоззрение
a Ключевые слова национальная идея
a Ключевые слова новое время
a Ключевые слова православие
a Ключевые слова религиозная философия
a Ключевые слова религиозные идеи
a Ключевые слова Россия
a Ключевые слова русская культура
a Ключевые слова русская мысль
a Ключевые слова философская критика
a Ключевые слова философская мысль
a Ключевые слова философские споры
a Ключевые слова философы
a Ключевые слова христианство
a Ключевые слова чаадаевоведение
a Ключевые слова человек
773 00 d Дата издания источника Санкт-Петербург, 1998
g Прочая информация С. 688-690
t Заглавие источника П. Я. Чаадаев: pro et contra
w Контрольный № источника RU/IS/BASE/102083933
901 t Тип документа a